[Event "Brühler SK 1 - SF Essen-Katernberg  2"]
[Site "NRW-Liga - Gruppe 2 2021/2022"]
[Date "2021.12.12"]
[Round "3.1"]
[White "Gassmann, Volker"]
[Black "Schiffer, Stefan"]
[Result "0-1"]
[WhiteElo "2191"]
[BlackElo "2211"]
[PlyCount "64"]
[EventDate "2021.??.??"]
[SourceVersionDate "2020.03.16"]
[WhiteTeam "SF Essen-Katernberg  2"]
[BlackTeam "Brühler SK 1"]

1. d4 Nf6 2. c4 e6 3. Nf3 c5 4. g3 cxd4 5. Bg2 e5 6. O-O Nc6 7. e3 dxe3 8. Bxe3
Be7 9. Nc3 d6 10. h3 O-O 11. Qe2 h6 12. Rfd1 Be6 13. Bc5 Qc8 14. Bxd6 Bxd6 15.
Rxd6 Bxh3 16. Rxf6 gxf6 17. Nd5 Kg7 18. Qe3 Rh8 19. Rc1 Bxg2 20. Kxg2 Qg4 21.
Rc3 Rae8 22. Nh4 Nd4 23. Qe1 Rhg8 24. f3 Qg5 25. Kh2 Re6 26. Ra3 Kh8 27. Qf2
Nf5 28. f4 Qh5 29. fxe5 Rxg3 30. Rxg3 Qxh4+ 31. Kg2 Qxg3+ 32. Qxg3 Nxg3 0-1

[Event "Brühler SK 1 - SF Essen-Katernberg  2"]
[Site "NRW-Liga - Gruppe 2 2021/2022"]
[Date "2021.12.12"]
[Round "3.2"]
[White "Gramb, Marius"]
[Black "Villwock, Martin"]
[Result "0-1"]
[WhiteElo "2092"]
[BlackElo "2109"]
[PlyCount "94"]
[EventDate "2021.??.??"]
[SourceVersionDate "2020.03.16"]
[WhiteTeam "Brühler SK 1"]
[BlackTeam "SF Essen-Katernberg  2"]

1. e4 c5 2. c3 Nf6 3. e5 Nd5 4. Nf3 Nc6 5. Bc4 Nb6 6. Bb3 c4 7. Bc2 Qc7 8. Qe2
g5 9. Nxg5 Qxe5 10. Nf3 Qh5 11. b3 d5 12. Na3 Be6 13. Nb5 O-O-O 14. Nfd4 Bg4
15. Bf5+ Qxf5 16. Nxf5 Bxe2 17. Kxe2 e6 18. Nfd4 e5 19. Nxc6 bxc6 20. Na3 Rg8
21. g3 d4 22. Nxc4 d3+ 23. Kf1 Nxc4 24. bxc4 Rg4 25. Kg2 Re4 26. a4 Re2 27. Ba3
Bxa3 28. Rxa3 e4 29. Raa1 Rxd2 30. Rhe1 f5 31. Kf1 h5 32. Red1 Rc2 33. Rac1 Kc7
34. h4 Rb8 35. Rb1 Rbb2 36. Rxb2 Rxb2 37. Ke1 Kd6 38. Ra1 a5 39. Rd1 Kc5 40. f3
Kxc4 41. fxe4 fxe4 42. Rd2 Kxc3 43. Rxb2 Kxb2 44. Kd2 c5 45. g4 c4 46. gxh5 c3+
47. Ke3 c2 0-1

[Event "Brühler SK 1 - SF Essen-Katernberg  2"]
[Site "NRW-Liga - Gruppe 2 2021/2022"]
[Date "2021.12.12"]
[Round "3.3"]
[White "Dahm, Bernd"]
[Black "Keller, Thomas"]
[Result "1/2-1/2"]
[WhiteElo "2133"]
[BlackElo "2209"]
[Annotator "daniel"]
[PlyCount "96"]
[EventDate "2021.??.??"]
[SourceVersionDate "2020.03.16"]
[WhiteTeam "SF Essen-Katernberg  2"]
[BlackTeam "Brühler SK 1"]

1. c4 c6 2. Nc3 d5 3. cxd5 cxd5 4. d4 Nc6 5. Nf3 Nf6 6. Bf4 a6 7. e3 Bg4 8. Bd3
e6 9. Rc1 Bd6 10. Bxd6 Qxd6 11. Qb3 O-O 12. O-O Bxf3 13. gxf3 Qb4 14. Qxb4 Nxb4
15. Be2 Rfc8 16. a3 Nc6 17. Na4 Nd7 18. Nc5 Nxc5 19. Rxc5 Kf8 20. Rfc1 $11 Ke7
21. Kf1 Kd6 22. Ke1 g5 23. Bd3 h6 24. Ke2 Ne7 25. b4 Rc6 26. Kd2 Rac8 27. Rb1
Ra8 28. Rbc1 f6 29. Rh1 Rg8 30. Rg1 e5 31. dxe5+ fxe5 32. Rxc6+ Kxc6 33. a4 Kd6
34. h3 Rf8 35. Ke2 Nc6 36. Rb1 Ra8 37. Rb2 b6 38. Rb1 Ra7 39. Rb2 Ra8 40. Rb1
a5 41. bxa5 bxa5 42. Rb6 Kc7 43. Rb5 Kd6 44. Rb6 Kc7 45. Rb5 Rd8 46. Bg6 Kd6
47. Bf7 d4 48. Bd5 Rc8 1/2-1/2

[Event "Brühler SK 1 - SF Essen-Katernberg  2"]
[Site "NRW-Liga - Gruppe 2 2021/2022"]
[Date "2021.12.12"]
[Round "3.4"]
[White "Schaefer, Juergen"]
[Black "Dette, Jan"]
[Result "1-0"]
[WhiteElo "2103"]
[BlackElo "2120"]
[PlyCount "73"]
[EventDate "2021.??.??"]
[SourceVersionDate "2020.03.16"]
[WhiteTeam "Brühler SK 1"]
[BlackTeam "SF Essen-Katernberg  2"]

1. e4 e6 2. d4 d5 3. Nc3 Nf6 4. Bg5 Bb4 5. e5 h6 6. Be3 Ne4 7. Qg4 g6 8. a3
Bxc3+ 9. bxc3 c5 10. Bb5+ Bd7 11. Bxd7+ Nxd7 12. Ne2 Qa5 13. O-O Nxc3 14. Nxc3
Qxc3 15. Rab1 b6 16. Rfc1 c4 17. a4 a6 18. h4 Qa3 19. Ra1 Qe7 20. Rcb1 O-O-O
21. Bc1 Rdg8 22. Ba3 Qd8 23. Bd6 h5 24. Qf3 Rh7 25. Qa3 a5 26. Be7 Qc7 27. Rb5
Kb7 28. Rab1 Ka6 29. Qb2 Qc6 30. Qc3 Qc7 31. Bd6 Qd8 32. Qb2 g5 33. Rxa5+ Kb7
34. Qb5 gxh4 35. Qa6+ Kc6 36. Rc5+ Nxc5 37. dxc5 1-0

[Event "Brühler SK 1 - SF Essen-Katernberg  2"]
[Site "NRW-Liga - Gruppe 2 2021/2022"]
[Date "2021.12.12"]
[Round "3.5"]
[White "Gorainow, Nikita"]
[Black "Spilles, Matthias"]
[Result "1/2-1/2"]
[WhiteElo "2029"]
[BlackElo "2085"]
[PlyCount "64"]
[EventDate "2021.??.??"]
[SourceVersionDate "2020.03.16"]
[WhiteTeam "SF Essen-Katernberg  2"]
[BlackTeam "Brühler SK 1"]

1. e4 e6 2. d4 d5 3. Nc3 Nf6 4. Bg5 dxe4 5. Nxe4 Be7 6. Nxf6+ Bxf6 7. Bxf6 Qxf6
8. Nf3 O-O 9. Bd3 c5 10. O-O Nc6 11. dxc5 Qxb2 12. Ng5 h6 13. Ne4 Rd8 14. Nd6
Qe5 15. Rb1 Qxc5 16. Nxb7 Bxb7 17. Rxb7 Rab8 18. Rxb8 Rxb8 19. Qe2 Nb4 20. Rb1
Rc8 21. a4 g6 22. Bxg6 fxg6 23. Qxe6+ Kg7 24. Qd7+ Kf6 25. Rb3 Nd5 26. Rf3+ Ke5
27. Qg7+ Kd6 28. Qxg6+ Kc7 29. Rb3 Rf8 30. Qg7+ Kc6 31. Qg6+ Rf6 32. Qe8+ Kd6
1/2-1/2

[Event "Brühler SK 1 - SF Essen-Katernberg  2"]
[Site "NRW-Liga - Gruppe 2 2021/2022"]
[Date "2021.12.12"]
[Round "3.6"]
[White "Haskelman, Evgen"]
[Black "Heldt, Maximilian"]
[Result "0-1"]
[WhiteElo "2100"]
[BlackElo "2036"]
[PlyCount "122"]
[EventDate "2021.??.??"]
[SourceVersionDate "2020.03.16"]
[WhiteTeam "Brühler SK 1"]
[BlackTeam "SF Essen-Katernberg  2"]

1. e4 e6 2. d4 d5 3. e5 c5 4. c3 Qb6 5. Nf3 Nc6 6. Bd3 Bd7 7. dxc5 Bxc5 8. O-O
a5 9. a4 Nge7 10. Qe2 Ng6 11. h4 Qd8 12. Bg5 Be7 13. g3 Bxg5 14. hxg5 Na7 15.
Nbd2 Rb8 16. Nb3 b5 17. axb5 Nxb5 18. Nxa5 O-O 19. c4 dxc4 20. Nxc4 Bc6 21. Be4
Bxe4 22. Qxe4 Nc7 23. Rfd1 Nd5 24. Ra7 Rb4 25. Qe2 Qb8 26. Rda1 Qb5 27. b3 Rxb3
28. Nd4 Rb1+ 29. Kh2 Qb4 30. Nc6 Qb5 31. R7a5 Qxc6 32. Rxb1 Nc3 33. Qd3 Nxb1
34. Ra1 Rb8 35. Na5 Qc3 36. Qd6 Qxe5 37. Qxe5 Nxe5 38. f4 Ng6 39. g4 Nxf4 40.
Nc6 Rb2+ 41. Kg3 Ne2+ 42. Kh4 f6 43. Ra8+ Kf7 44. Ra7+ Ke8 45. Rxg7 fxg5+ 46.
Kxg5 Nd2 47. Kf6 Ne4+ 48. Kxe6 Nc5+ 49. Kd5 Rb7 50. Rg8+ Kf7 51. Rh8 Kg7 52.
Re8 Nd3 53. Nd8 Nef4+ 54. Ke4 Rd7 55. Kf5 Ng6 56. Nc6 Nc5 57. g5 Rf7+ 58. Kg4
Rf4+ 59. Kh3 Ne4 60. Ne5 Nxg5+ 61. Kg3 Re4 0-1

[Event "Brühler SK 1 - SF Essen-Katernberg  2"]
[Site "NRW-Liga - Gruppe 2 2021/2022"]
[Date "2021.12.12"]
[Round "3.7"]
[White "Kaeding, Rainer"]
[Black "Heuser, Friedhelm"]
[Result "1/2-1/2"]
[WhiteElo "2061"]
[BlackElo "1982"]
[PlyCount "32"]
[EventDate "2021.??.??"]
[SourceVersionDate "2020.03.16"]
[WhiteTeam "SF Essen-Katernberg  2"]
[BlackTeam "Brühler SK 1"]

1. c4 e5 2. g3 f5 3. Bg2 Nf6 4. Nc3 d6 5. d3 c6 6. Qa4 Qc7 7. e3 Be7 8. Nge2
O-O 9. O-O Be6 10. f4 Nbd7 11. Qc2 Rad8 12. Bd2 g6 13. Rae1 Rfe8 14. b3 b5 15.
Nd1 Qb6 16. Nf2 b4 1/2-1/2

[Event "Brühler SK 1 - SF Essen-Katernberg  2"]
[Site "NRW-Liga - Gruppe 2 2021/2022"]
[Date "2021.12.12"]
[Round "3.8"]
[White "Yeritsyan, Artur"]
[Black "Struck, Lasse"]
[Result "0-1"]
[WhiteElo "1839"]
[BlackElo "1906"]
[Annotator "daniel"]
[PlyCount "96"]
[EventDate "2021.??.??"]
[SourceVersionDate "2020.03.16"]
[WhiteTeam "Brühler SK 1"]
[BlackTeam "SF Essen-Katernberg  2"]

1. c4 c5 2. g3 Nf6 3. Bg2 d5 4. cxd5 Nxd5 5. Nc3 Nc7 6. Nf3 Nc6 7. O-O e5 8. d3
Be7 9. b3 O-O 10. Bb2 f6 11. Qd2 Be6 12. Rac1 Qd7 13. Rfd1 Rfd8 14. Na4 b6 15.
Qe1 Rac8 16. Nc3 $11 Nd4 17. e3 Nc6 18. Ne2 Nd5 19. d4 cxd4 20. exd4 Bb4 21.
Qf1 e4 22. Nd2 f5 23. Nc4 Be7 24. Ne5 Qd6 25. Nc3 Nxc3 26. Bxc3 Bf6 27. Qe1 a5
28. f4 Bxe5 29. fxe5 Qa3 30. Qf2 Nxe5 31. dxe5 Rxd1+ 32. Rxd1 Rxc3 33. Qxb6
Qc5+ 34. Qxc5 Rxc5 35. Bf1 Rc2 36. Rd6 Kf7 37. Bc4 Bxc4 38. bxc4 Rxc4 39. Rd7+
Ke6 40. Rxg7 e3 41. Kf1 Rc2 42. Rxh7 Kxe5 43. Rh4 Rxa2 44. Rf4 Rf2+ 45. Rxf2
exf2 46. h4 a4 47. h5 a3 48. h6 Kf6 0-1

[Event "SG Porz 2 - Godesberger SK 1"]
[Site "NRW-Liga - Gruppe 2 2021/2022"]
[Date "2021.12.12"]
[Round "3.1"]
[White "Dahm, Jochen"]
[Black "Braun, Christian"]
[Result "0-1"]
[WhiteElo "2199"]
[BlackElo "2402"]
[PlyCount "90"]
[EventDate "2021.??.??"]
[SourceVersionDate "2020.03.16"]
[WhiteTeam "Godesberger SK 1"]
[BlackTeam "SG Porz 2"]

1. e4 e6 2. d4 d5 3. Nd2 Nc6 4. Ngf3 Nf6 5. e5 Nd7 6. c3 f6 7. exf6 Qxf6 8. Be2
e5 9. dxe5 Ndxe5 10. Nxe5 Nxe5 11. Nf3 c6 12. Nxe5 Qxe5 13. O-O Be7 14. Bh5+ g6
15. Re1 Qf6 16. Be3 O-O 17. Bg4 a6 18. Bxc8 Raxc8 19. Qb3 Rc7 20. Rad1 b5 21.
Bd4 Qf7 22. Rd3 Bd6 23. Rf3 Qd7 24. Rfe3 Rcc8 25. Qd1 Rce8 26. b4 Rxe3 27. Rxe3
Re8 28. Qe2 Rxe3 29. Qxe3 Kf7 30. g3 Qe7 31. Qxe7+ Bxe7 32. f4 Bd8 33. Kf2 a5
34. Kf3 axb4 35. cxb4 Be7 36. a3 Bd6 37. h4 h5 38. Ke3 Ke6 39. Kf3 Kf5 40. Be3
Be7 41. Bd4 Bf6 42. Ke3 Bxd4+ 43. Kxd4 Kg4 44. Kc5 Kxg3 45. Kxc6 d4 0-1

[Event "SG Porz 2 - Godesberger SK 1"]
[Site "NRW-Liga - Gruppe 2 2021/2022"]
[Date "2021.12.12"]
[Round "3.2"]
[White "Marcziter, Dmitrii"]
[Black "Köhler, Christian Friedrich"]
[Result "0-1"]
[WhiteElo "2263"]
[BlackElo "2225"]
[PlyCount "88"]
[EventDate "2021.??.??"]
[SourceVersionDate "2020.03.16"]
[WhiteTeam "SG Porz 2"]
[BlackTeam "Godesberger SK 1"]

1. d4 d5 2. c4 c6 3. Nf3 Nf6 4. Nc3 dxc4 5. e4 b5 6. e5 Nd5 7. Ng5 h6 8. Nge4
Bf5 9. g4 Bxe4 10. Nxe4 e6 11. Bg2 Qa5+ 12. Kf1 Nd7 13. a4 Rd8 14. g5 c5 15. g6
f5 16. exf6 N7xf6 17. Nxf6+ Nxf6 18. Bc6+ Ke7 19. Bxb5 Rxd4 20. Qf3 Nd5 21.
Qf7+ Kd6 22. Qd7+ Ke5 23. f4+ Kf5 24. Qf7+ Nf6 25. Be3 Re4 26. Re1 Qd8 27. Bc6
Qd3+ 28. Kf2 Bd6 29. Bxe4+ Qxe4 30. h3 Rb8 31. Bc1 Qd4+ 32. Kg2 Qd5+ 33. Kh2
Bxf4+ 34. Kg1 Qd4+ 35. Kg2 Qd5+ 36. Kg1 Bxc1 37. Rf1+ Bf4 38. Rh2 Qd4+ 39. Rhf2
Rxb2 40. Qxg7 c3 41. Qf7 Rxf2 42. Rxf2 c2 43. g7 c1=Q+ 44. Kg2 Qe4+ 0-1

[Event "SG Porz 2 - Godesberger SK 1"]
[Site "NRW-Liga - Gruppe 2 2021/2022"]
[Date "2021.12.12"]
[Round "3.3"]
[White "Wecker, Martin"]
[Black "Pauly, Carlo"]
[Result "0-1"]
[WhiteElo "2208"]
[BlackElo "2285"]
[PlyCount "94"]
[EventDate "2021.??.??"]
[SourceVersionDate "2020.03.16"]
[WhiteTeam "Godesberger SK 1"]
[BlackTeam "SG Porz 2"]

1. d4 Nf6 2. c4 g6 3. Nf3 Bg7 4. g3 O-O 5. Bg2 d6 6. O-O Nc6 7. Nc3 a6 8. Bf4
Rb8 9. Rc1 h6 10. d5 e5 11. dxe6 Bxe6 12. Nd5 g5 13. Be3 Ng4 14. Bd4 Nxd4 15.
Nxd4 c6 16. Nxe6 fxe6 17. Nc3 Nxf2 18. Rxf2 Qb6 19. e3 Qxe3 20. Rcc2 Rxf2 21.
Rxf2 Bd4 22. Qe2 Rf8 23. Qxe3 Bxe3 24. Nd1 Bxf2+ 25. Nxf2 d5 26. Kf1 Kf7 27.
Ke2 Ke7 28. c5 h5 29. Ke3 e5 30. Bf3 g4 31. Bd1 e4 32. h3 h4 33. hxg4 hxg3 34.
Nh3 g2 35. g5 Rf1 36. Bg4 g1=Q+ 37. Nxg1 Rxg1 38. Bc8 Rxg5 39. Bxb7 Ke6 40.
Bxc6 Ke5 41. Bb7 d4+ 42. Kf2 a5 43. c6 Rg7 44. Ba6 d3 45. a3 Kd4 46. b4 e3+ 47.
Ke1 Rg1# 0-1

[Event "SG Porz 2 - Godesberger SK 1"]
[Site "NRW-Liga - Gruppe 2 2021/2022"]
[Date "2021.12.12"]
[Round "3.4"]
[White "Sabirov, Ramil"]
[Black "Kutzner, Stephen"]
[Result "1-0"]
[WhiteElo "2148"]
[BlackElo "2145"]
[PlyCount "105"]
[EventDate "2021.??.??"]
[SourceVersionDate "2020.03.16"]
[WhiteTeam "SG Porz 2"]
[BlackTeam "Godesberger SK 1"]

1. Nf3 d5 2. c4 d4 3. e3 Nc6 4. exd4 Nxd4 5. Nxd4 Qxd4 6. Nc3 Nf6 7. Nb5 Qb6 8.
d3 e5 9. Be3 Bb4+ 10. Nc3 Qc6 11. Qb3 Bxc3+ 12. Qxc3 O-O 13. Be2 Ng4 14. O-O
Nxe3 15. fxe3 e4 16. d4 Qg6 17. d5 Bh3 18. Rf2 Rfe8 19. c5 Kh8 20. Bc4 f6 21.
Qb3 Qg5 22. Kh1 Bg4 23. Qc3 Rad8 24. b4 Re5 25. Rf4 Bd7 26. Raf1 Rde8 27. Qd4
Qh6 28. Be2 Qg6 29. Rd1 Rg5 30. Rf2 Rd8 31. d6 c6 32. Bc4 Qh5 33. Rdf1 Re5 34.
Rf4 Rde8 35. Qd1 Qg6 36. Qe1 Rh5 37. Be2 Rg5 38. R1f2 Ree5 39. Qb1 Be6 40. Qd1
Rd5 41. Qa4 a6 42. Bc4 Bh3 43. Bxd5 Rxg2 44. Qd1 Rxf2 45. Rxf2 cxd5 46. Qxd5
Qe8 47. Qxb7 h6 48. Qd5 Qb5 49. Qa8+ Kh7 50. Qxe4+ Kh8 51. c6 f5 52. Qf3 Bg4
53. Qg2 1-0

[Event "SG Porz 2 - Godesberger SK 1"]
[Site "NRW-Liga - Gruppe 2 2021/2022"]
[Date "2021.12.12"]
[Round "3.5"]
[White "Schulte-Geers, Niklas"]
[Black "Gallasch, Jonas"]
[Result "1-0"]
[WhiteElo "2142"]
[BlackElo "2091"]
[PlyCount "107"]
[EventDate "2021.??.??"]
[SourceVersionDate "2020.03.16"]
[WhiteTeam "Godesberger SK 1"]
[BlackTeam "SG Porz 2"]

1. d4 Nf6 2. c4 g6 3. Nc3 d5 4. cxd5 Nxd5 5. e4 Nxc3 6. bxc3 Bg7 7. Nf3 c5 8.
Be3 Qa5 9. Qd2 Nc6 10. Rb1 O-O 11. Rb5 cxd4 12. Rxa5 dxe3 13. Qxe3 Nxa5 14. Be2
Bd7 15. O-O Rfc8 16. Qg5 Nc6 17. Bc4 e6 18. Rb1 Rc7 19. h4 h6 20. Qf4 Rac8 21.
Rd1 Be8 22. Bb5 a6 23. Ba4 b5 24. Bb3 Na5 25. Rd8 Rxc3 26. Qd6 Nb7 27. Rxe8+
Rxe8 28. Qd7 Rb8 29. Bxe6 fxe6 30. Qxe6+ Kh7 31. h5 gxh5 32. Nh4 Rf8 33. Qg6+
Kh8 34. Qxh5 Rc1+ 35. Kh2 Rc5 36. Ng6+ Kg8 37. Ne7+ Kh7 38. Qg6+ Kh8 39. Qb6
Re8 40. Qxb7 Be5+ 41. g3 Rc7 42. Ng6+ Kg7 43. Qxa6 Bd4 44. Nh4 Bf6 45. Qxb5 Re5
46. Nf5+ Kh7 47. Qb1 Rec5 48. Ne3 Bd4 49. Nd5 R7c6 50. e5+ Kh8 51. Qe4 Bxf2 52.
Nf6 Kg7 53. Qh7+ Kf8 54. Qg8+ 1-0

[Event "SG Porz 2 - Godesberger SK 1"]
[Site "NRW-Liga - Gruppe 2 2021/2022"]
[Date "2021.12.12"]
[Round "3.6"]
[White "Gallasch, Robin"]
[Black "Stenzel, Thomas"]
[Result "1-0"]
[WhiteElo "1999"]
[BlackElo "2070"]
[PlyCount "161"]
[EventDate "2021.??.??"]
[SourceVersionDate "2020.03.16"]
[WhiteTeam "SG Porz 2"]
[BlackTeam "Godesberger SK 1"]

1. d4 d5 2. c4 Nc6 3. Nc3 dxc4 4. d5 Na5 5. Nf3 c6 6. e4 e6 7. dxc6 Qxd1+ 8.
Nxd1 bxc6 9. Bd2 Nb7 10. Bxc4 Nf6 11. Nc3 Bb4 12. O-O Nd6 13. Bd3 Bxc3 14. Bxc3
Ndxe4 15. Bxe4 Nxe4 16. Bxg7 Rg8 17. Be5 c5 18. Rfe1 Bb7 19. Re3 Rd8 20. Bg3
Nxg3 21. hxg3 Rg4 22. Rc1 Rb4 23. b3 Rd5 24. Rec3 Rb5 25. R3c2 Ke7 26. Nd2 Rg5
27. Nc4 h5 28. Ne3 Re5 29. Rc3 Ba8 30. a4 Rb8 31. Rxc5 Rxc5 32. Rxc5 Rxb3 33.
Rc7+ Kf6 34. Rxa7 Rb1+ 35. Kh2 Bc6 36. a5 Ra1 37. f3 Ra2 38. Kh3 Ra1 39. g4 Re1
40. Nc4 Kg5 41. gxh5 f5 42. Rc7 Rh1+ 43. Kg3 f4+ 44. Kf2 Bd5 45. Nb6 Ra1 46.
Nxd5 Ra2+ 47. Kg1 exd5 48. Rc5 Kxh5 49. Rxd5+ Kh4 50. Rd8 Rxa5 51. Rg8 Kh5 52.
Rg4 Ra4 53. Kh2 Rb4 54. Kh3 Ra4 55. g3 Kh6 56. Rxf4 Ra6 57. Rb4 Rf6 58. f4 Ra6
59. Kh4 Kg7 60. Rb7+ Kg6 61. g4 Rc6 62. g5 Kf5 63. Rf7+ Kg6 64. Rf8 Kg7 65. Ra8
Kg6 66. Kg4 Rc4 67. Ra6+ Kg7 68. Rf6 Ra4 69. Rd6 Rb4 70. Kf5 Rb7 71. Rd5 Ra7
72. g6 Kh6 73. Rd6 Ra4 74. Ke5 Ra8 75. f5 Kg5 76. g7 Ra5+ 77. Ke6 Ra8 78. Kf7
Ra7+ 79. Kg8 Kxf5 80. Kh8 Ke5 81. Rb6 1-0

[Event "SG Porz 2 - Godesberger SK 1"]
[Site "NRW-Liga - Gruppe 2 2021/2022"]
[Date "2021.12.12"]
[Round "3.7"]
[White "Mantau, Jan"]
[Black "Kagan, Dennis"]
[Result "1-0"]
[WhiteElo "2184"]
[BlackElo "1982"]
[PlyCount "64"]
[EventDate "2021.??.??"]
[SourceVersionDate "2020.03.16"]
[WhiteTeam "Godesberger SK 1"]
[BlackTeam "SG Porz 2"]

1. e4 c5 2. Nf3 d6 3. d4 cxd4 4. Nxd4 Nf6 5. Nc3 Nc6 6. Be2 e5 7. Nb3 Be7 8.
O-O a5 9. Be3 O-O 10. f3 a4 11. Nd2 a3 12. bxa3 Rxa3 13. Nb3 Ra8 14. Qd2 Be6
15. Rfd1 Qc8 16. Nd5 Bxd5 17. exd5 Nb8 18. c4 Na6 19. Rac1 Rd8 20. Bb6 Rd7 21.
f4 e4 22. Bd4 Qf8 23. a3 Rc7 24. Qe3 Re8 25. Qg3 Nd7 26. Bg4 Ndc5 27. Nxc5 Nxc5
28. Bf5 Bd8 29. Rc3 f6 30. Qh4 g6 31. Rg3 Rg7 32. Bh3 f5 {Zeitüberschreitung
von Schwarz} 1-0

[Event "SG Porz 2 - Godesberger SK 1"]
[Site "NRW-Liga - Gruppe 2 2021/2022"]
[Date "2021.12.12"]
[Round "3.8"]
[White "Paulus, Jeffrey"]
[Black "Kögler, Christof"]
[Result "1/2-1/2"]
[WhiteElo "1931"]
[BlackElo "2031"]
[PlyCount "76"]
[EventDate "2021.??.??"]
[SourceVersionDate "2020.03.16"]
[WhiteTeam "SG Porz 2"]
[BlackTeam "Godesberger SK 1"]

1. d4 Nf6 2. c4 e6 3. g3 d5 4. Bg2 Be7 5. Nc3 O-O 6. cxd5 exd5 7. Bf4 c6 8. Nf3
Nbd7 9. O-O Nh5 10. e3 Nxf4 11. gxf4 Nf6 12. Ne5 Kh8 13. Kh1 Ng8 14. Rg1 f6 15.
Nd3 Nh6 16. Bf3 Bf5 17. Ne2 Rg8 18. Ng3 Be6 19. Qc2 Qd7 20. Nc5 Bxc5 21. dxc5
Nf5 22. Nxf5 Bxf5 23. Qc3 Qe7 24. Rad1 Rae8 25. Rd4 Qf7 26. Qb3 Re7 27. e4 dxe4
28. Qxf7 Rxf7 29. Bxe4 Bxe4+ 30. Rxe4 {(=)} f5 31. Rd4 g6 32. Rgd1 Kg7 33. Kg2
Re8 34. Kf3 Re6 35. Rd7 Rfe7 36. Rxe7+ Rxe7 37. Rd8 Kf7 38. b4 Ke6 1/2-1/2

[Event "LSV Turm Lippstadt 1 - Brühler SK 1"]
[Site "NRW-Liga - Gruppe 2 2021/2022"]
[Date "2022.01.09"]
[Round "4.1"]
[White "Loifenfeld, Jakov"]
[Black "Hecht, Carsten"]
[Result "1/2-1/2"]
[WhiteElo "2319"]
[BlackElo "2296"]
[PlyCount "46"]
[EventDate "2022.??.??"]
[SourceVersionDate "2020.03.16"]
[WhiteTeam "Brühler SK 1"]
[BlackTeam "LSV Turm Lippstadt 1"]

1. d4 Nf6 2. c4 g6 3. g3 c6 4. Nf3 Bg7 5. Bg2 d5 6. b3 O-O 7. O-O dxc4 8. bxc4
c5 9. Bb2 cxd4 10. Nxd4 Qb6 11. Qb3 Nfd7 12. e3 Nc6 13. Rd1 Nc5 14. Qa3 Na4 15.
Bc3 Nxc3 16. Nxc3 Qa5 17. Qxa5 Nxa5 18. Nd5 e6 19. Ne7+ Kh8 20. Rac1 Bf6 21.
Nxc8 Raxc8 22. Nb3 Nxb3 23. axb3 Rc7 1/2-1/2

[Event "LSV Turm Lippstadt 1 - Brühler SK 1"]
[Site "NRW-Liga - Gruppe 2 2021/2022"]
[Date "2022.01.09"]
[Round "4.2"]
[White "Wagner, Alexej"]
[Black "Gramb, Marius"]
[Result "1/2-1/2"]
[WhiteElo "2261"]
[BlackElo "2123"]
[PlyCount "63"]
[EventDate "2022.??.??"]
[SourceVersionDate "2020.03.16"]
[WhiteTeam "LSV Turm Lippstadt 1"]
[BlackTeam "Brühler SK 1"]

1. d4 Nf6 2. c4 e6 3. Nc3 Bb4 4. Qc2 O-O 5. Nf3 c5 6. dxc5 Na6 7. g3 Nxc5 8.
Bg2 Nce4 9. O-O Nxc3 10. bxc3 Be7 11. e4 d6 12. e5 dxe5 13. Nxe5 Qc7 14. Qe2
Nd7 15. Bf4 Nxe5 16. Bxe5 Bd6 17. Bxd6 Qxd6 18. Rab1 Rb8 19. Qe3 b6 20. c5 bxc5
21. Rxb8 Qxb8 22. Qxc5 Ba6 23. Rd1 Rd8 24. Rxd8+ Qxd8 25. h3 Qb6 26. Qe7 g6 27.
a4 Bc4 28. Qd7 Qc5 29. Qb7 a5 30. Qb2 h5 31. h4 Kg7 32. Bf3 1/2-1/2

[Event "LSV Turm Lippstadt 1 - Brühler SK 1"]
[Site "NRW-Liga - Gruppe 2 2021/2022"]
[Date "2022.01.09"]
[Round "4.3"]
[White "Keller, Thomas"]
[Black "Kruse, Janik"]
[Result "1/2-1/2"]
[WhiteElo "2209"]
[BlackElo "2180"]
[PlyCount "38"]
[EventDate "2022.??.??"]
[SourceVersionDate "2020.03.16"]
[WhiteTeam "Brühler SK 1"]
[BlackTeam "LSV Turm Lippstadt 1"]

1. e4 e5 2. Nf3 Nc6 3. Bb5 a6 4. Bxc6 dxc6 5. O-O f6 6. d4 Bg4 7. c3 Qe7 8.
Nbd2 exd4 9. cxd4 O-O-O 10. Qe1 Qe6 11. Qe3 Kb8 12. Re1 Ne7 13. b4 Nc8 14. Qc3
Bxf3 15. Nxf3 Nd6 16. Qe3 Nc4 17. Qc3 Nd6 18. Qe3 Nc4 19. Qc3 Nd6 1/2-1/2

[Event "LSV Turm Lippstadt 1 - Brühler SK 1"]
[Site "NRW-Liga - Gruppe 2 2021/2022"]
[Date "2022.01.09"]
[Round "4.4"]
[White "Grobbel, Rainer"]
[Black "Schaefer, Jürgen"]
[Result "1/2-1/2"]
[WhiteElo "2121"]
[BlackElo "2103"]
[PlyCount "59"]
[EventDate "2022.??.??"]
[SourceVersionDate "2020.03.16"]
[WhiteTeam "LSV Turm Lippstadt 1"]
[BlackTeam "Brühler SK 1"]

1. d4 g6 2. c4 Bg7 3. Nc3 c5 4. d5 Bxc3+ 5. bxc3 f5 6. Nf3 Nf6 7. e3 d6 8. Be2
Qa5 9. O-O O-O 10. Qc2 Nbd7 11. Nd2 Ne5 12. Rb1 Rb8 13. Rb5 Qa6 14. Re1 Bd7 15.
Rb2 Qa4 16. Qxa4 Bxa4 17. f4 Ned7 18. Bd3 Rfe8 19. e4 fxe4 20. Nxe4 Nxe4 21.
Rxe4 Nf6 22. Re1 Bd7 23. Rbe2 Kf7 24. h3 Bf5 25. Rd1 h5 26. Kf2 Bxd3 27. Rxd3
b5 28. cxb5 c4 29. Rd4 Rxb5 30. Rxc4 1/2-1/2

[Event "LSV Turm Lippstadt 1 - Brühler SK 1"]
[Site "NRW-Liga - Gruppe 2 2021/2022"]
[Date "2022.01.09"]
[Round "4.5"]
[White "Spilles, Matthias"]
[Black "Tran, Duc Cuong"]
[Result "1-0"]
[WhiteElo "2085"]
[BlackElo "2071"]
[PlyCount "69"]
[EventDate "2022.??.??"]
[SourceVersionDate "2020.03.16"]
[WhiteTeam "Brühler SK 1"]
[BlackTeam "LSV Turm Lippstadt 1"]

1. e4 c5 2. Nf3 e6 3. g3 Nc6 4. Bg2 g6 5. O-O Bg7 6. c3 d5 7. exd5 exd5 8. d4
cxd4 9. cxd4 Nge7 10. Nc3 O-O 11. h3 h6 12. Re1 Be6 13. Ne2 Qb6 14. b3 Rac8 15.
Ba3 Rfe8 16. Bc5 Qa5 17. Nf4 b6 18. Bxe7 Rxe7 19. Nxe6 Rxe6 20. Rxe6 fxe6 21.
Qd3 Kf7 22. Rc1 Qa3 23. Rc2 Bf6 24. h4 Qf8 25. Qa6 Qd8 26. Bh3 Rc7 27. Qe2 Qd6
28. h5 g5 29. Qd3 Ne7 30. Qh7+ Bg7 31. Re2 Rc1+ 32. Kg2 Kf8 33. Bxe6 Rc6 34.
Nxg5 hxg5 35. h6 1-0

[Event "LSV Turm Lippstadt 1 - Brühler SK 1"]
[Site "NRW-Liga - Gruppe 2 2021/2022"]
[Date "2022.01.09"]
[Round "4.6"]
[White "Kuehler, Andreas"]
[Black "Kart, Boris"]
[Result "1-0"]
[WhiteElo "1922"]
[BlackElo "1770"]
[PlyCount "63"]
[EventDate "2022.??.??"]
[SourceVersionDate "2020.03.16"]
[WhiteTeam "LSV Turm Lippstadt 1"]
[BlackTeam "Brühler SK 1"]

1. d4 d5 2. c4 c6 3. Nc3 Nf6 4. Nf3 Bf5 5. cxd5 Nxd5 6. Qb3 Nb6 7. e4 Bd7 8.
Bd3 e6 9. Be3 Bd6 10. O-O O-O 11. Rad1 Qc7 12. e5 Be7 13. Ne4 Nd5 14. Bb1 Na6
15. a3 f5 16. exf6 Bxf6 17. Qd3 g6 18. Neg5 Bxg5 19. Nxg5 Bc8 20. Bd2 Qe7 21.
Qe4 Nac7 22. Qh4 Bd7 23. Rfe1 Rae8 24. Re5 Qg7 25. Ne4 Rf5 26. Nd6 Rxe5 27.
Nxe8 Bxe8 28. dxe5 Qxe5 29. b4 Qe2 30. Bc2 Nc3 31. Bxc3 Qxc2 32. Qd4 1-0

[Event "LSV Turm Lippstadt 1 - Brühler SK 1"]
[Site "NRW-Liga - Gruppe 2 2021/2022"]
[Date "2022.01.09"]
[Round "4.7"]
[White "Raabe, Joachim"]
[Black "Graf, Tobias"]
[Result "0-1"]
[WhiteElo "1790"]
[BlackElo "2015"]
[PlyCount "126"]
[EventDate "2022.??.??"]
[SourceVersionDate "2020.03.16"]
[WhiteTeam "Brühler SK 1"]
[BlackTeam "LSV Turm Lippstadt 1"]

1. e4 e5 2. Nf3 Nc6 3. Bc4 Nf6 4. Nc3 Nxe4 5. Nxe4 d5 6. Bxd5 Qxd5 7. Nc3 Qa5
8. Qe2 Be7 9. Qb5 Qxb5 10. Nxb5 Bd8 11. d3 O-O 12. Be3 Re8 13. O-O-O a6 14. Nc3
Be6 15. d4 exd4 16. Nxd4 Nxd4 17. Bxd4 Bg5+ 18. Be3 Bxe3+ 19. fxe3 Bg4 20. Rd4
Bh5 21. g4 Bg6 22. Rd7 Rac8 23. Rf1 h6 24. Nd5 Rcd8 25. Ne7+ Kh7 26. Rxc7 f6
27. Rxb7 Be4 28. Rc7 Rb8 29. Rf4 Rb7 30. Rxb7 Bxb7 31. Nf5 Re6 32. Kd2 g6 33.
Rb4 Bf3 34. Nd4 Rd6 35. Ke1 Bxg4 36. Rb7+ Rd7 37. Rb6 f5 38. c3 a5 39. Kf2 h5
40. Ra6 Rd5 41. c4 Rc5 42. b3 h4 43. Rb6 a4 44. Rb5 Rc8 45. Ra5 axb3 46. axb3
Rd8 47. Rd5 Ra8 48. Ne2 Ra2 49. Rd4 Rxe2+ 50. Kg1 Rb2 51. h3 Bf3 52. Rxh4+ Kg7
53. Rd4 Rxb3 54. Kf2 Be4 55. Rd7+ Kh6 56. c5 Rc3 57. Rc7 Kg5 58. Rc8 Rc2+ 59.
Kf1 Kh4 60. Rh8+ Kg3 61. Rg8 Kf3 62. Kg1 Rc1+ 63. Kh2 Kf2 0-1